| 000 | 01294cam a2200397 i 4500 | ||
|---|---|---|---|
| 001 | bg | ||
| 003 | KOSZ 005 | ||
| 005 | 20200820082501.0 | ||
| 008 | 000320s1980 pl a f |000 0 pol d | ||
| 015 | _aPB 1980/6498 | ||
| 020 | _a83000822 | ||
| 040 |
_aWA N _cWA N _dKOSZ 005/HR |
||
| 041 | 0 |
_apol _brus _heng |
|
| 046 | _k1980 | ||
| 080 | _a62:007 | ||
| 080 | _a519.8 | ||
| 100 | 1 |
_aStaniszewski, Robert _d(1925- ) _eAutor |
|
| 245 | 1 | 0 |
_aCybernetyka systemów projektowania / _cRobert Staniszewski ; Polskie Towarzystwo Cybernetyczne. |
| 260 |
_aWrocław : _bZakład Narodowy im. Ossolińskich, _c1980. |
||
| 300 |
_a78, [2] s. : _bil. wykr. ; _c25 cm. |
||
| 336 |
_2rdacontent _aTekst _btxt |
||
| 337 |
_2rdamedia _aBez urządzenia pośredniczącego _bn |
||
| 338 |
_2rdacarrier _aWolumin _bnc |
||
| 380 | _aKsiążki | ||
| 388 | _a1901-2000 | ||
| 388 | _a1945-1980 | ||
| 504 | _aBibliogr. s. [79]. | ||
| 546 | _aStreszcz. ros., ang. | ||
| 650 | 4 | _aProjektowanie | |
| 650 | 4 | _aCybernetyka | |
| 650 | 4 | _aTeoria systemów | |
| 658 | _aInżynieria i technika | ||
| 710 | 2 |
_aWydawnictwo Ossolineum _4pbl |
|
| 856 |
_uhttp://koha.tu.koszalin.pl/cgi-bin/koha/opac-detail.pl?biblionumber=19239 _yKatalog online BPK |
||
| 942 |
_2UKD _cKS |
||
| 999 |
_c19239 _d19239 |
||